|
|
|
|
| LEADER |
01411nam a2200361Ia 4500 |
| 001 |
EBC3014537 |
| 003 |
MiAaPQ |
| 005 |
20200520144314.0 |
| 006 |
m o d | |
| 007 |
cr cn||||||||| |
| 008 |
060622s2006 dcu sb i000 0 eng d |
| 035 |
|
|
|a (MiAaPQ)EBC3014537
|
| 035 |
|
|
|a (Au-PeEL)EBL3014537
|
| 035 |
|
|
|a (CaPaEBR)ebr10380920
|
| 035 |
|
|
|a (CaONFJC)MIL383089
|
| 035 |
|
|
|a (OCoLC)867086418
|
| 040 |
|
|
|a MiAaPQ
|c MiAaPQ
|d MiAaPQ
|
| 050 |
|
4 |
|a HG1811
|b .S35 2006
|
| 100 |
1 |
|
|a Schinasi, Garry J.
|
| 245 |
1 |
4 |
|a The lender of last resort in the European single financial market
|h [electronic resource] /
|c prepared by Garry J. Schinasi and Pedro Gustavo Teixeira.
|
| 260 |
|
|
|a [Washington, D.C.] :
|b International Monetary Fund, Research Dept.,
|c c2006.
|
| 300 |
|
|
|a 21 p.
|
| 490 |
1 |
|
|a IMF working paper ;
|v WP/06/127
|
| 500 |
|
|
|a "May 2006."
|
| 504 |
|
|
|a Includes bibliographical references.
|
| 533 |
|
|
|a Electronic reproduction. Ann Arbor, MI : ProQuest, 2015. Available via World Wide Web. Access may be limited to ProQuest affiliated libraries.
|
| 650 |
|
0 |
|a Lenders of last resort
|z Europe.
|
| 650 |
|
0 |
|a Banks and banking
|z Europe.
|
| 655 |
|
4 |
|a Electronic books.
|
| 700 |
1 |
|
|a Teixeira, Pedro Gustavo.
|
| 710 |
2 |
|
|a ProQuest (Firm)
|
| 830 |
|
0 |
|a IMF working paper ;
|v WP/06/127.
|
| 856 |
4 |
0 |
|u https://ebookcentral.proquest.com/lib/matrademy/detail.action?docID=3014537
|z Click to View
|